| 000 | 00998nam a2200241 i 4500 | ||
|---|---|---|---|
| 001 | 169888 | ||
| 003 | ES-MaACL | ||
| 005 | 20251014063249.0 | ||
| 008 | 081216s1964 sp |||| | spa d | ||
| 017 | _aM 17.459-1964 | ||
| 080 | _a943.155"1945/..." | ||
| 100 | 1 |
_aArellano Catalán, Jesús _9139083 |
|
| 245 | 1 | 0 |
_aBerlín, encrucijada de problemas humanos / _cJesús Arellano. |
| 260 |
_aMadrid : _bRialp, _c1964 ( _fBolaños y Aguilar) |
||
| 300 |
_a66 p., [2] h. ; _c19 cm. |
||
| 490 | 1 |
_aO crece o muere ; _v176 |
|
| 500 | _a"Este trabajo fue dado a conocer inicialmente por su autor en la conferencia pronunciada en el Aula de Cultura, Facultad de Filosofía y Letras de Sevilla, el 18 de octubre de 1961. Ha sido retocado y puesto al día para esta edición" | ||
| 651 | 4 |
_aBerlín- _xHistoria- _y1945-1990. _9168363 |
|
| 710 | 2 |
_aAteneo de Madrid. _91875 |
|
| 830 | 0 | 0 |
_aColección "O crece o muere" _v176 _9183476 |
| 852 | 4 |
_aES-MaACL _j2243-F-21 |
|
| 999 |
_c169888 _d169888 |
||